| 000 | 00000nam##2200000za#4500 |
| 001 | 9.700391 |
| 003 | CaOODSP |
| 005 | 20210625000819 |
| 007 | cr ||||||||||| |
| 008 | 150407|1978||||xxc|||||o f|0| 0 eng|d |
| 040 | |aCaOODSP|beng |
| 043 | |an-cn--- |
| 086 | 1 |aA53-1638/1978E-PDF |
| 110 | 1 |aCanada.|bAgriculture Canada. |bInformation Services. |
| 245 | 10|aCare of gift plants / |h[electronic resource]|c[by] Tom Sharkey. |
| 250 | |aPrinted 1977, reprinted 1978 |
| 260 | |aOttawa - Ontario : |bAgriculture Canada. |cc1978. |
| 300 | |a12p.|billus., table |
| 500 | |aHistorical publication digitized by Agriculture and Agri-Food Canada. |
| 590 | |a15-03-Supp|b2015-03-13 |
| 690 | 07|aPlant diseases|2gcpds |
| 720 | 1 |aSharkey, Tom |
| 775 | 08|tPlantes de fleuriste à dorloter / |w(CaOODSP)9.644285 |
| 856 | 40|ahttp://publications.gc.ca|qPDF|s887 KB|uhttps://publications.gc.ca/collections/collection_2015/aac-aafc/A53-1638-1978-eng.pdf |
| 986 | |aPublication 1638 |